Statistics for Best Family Guy Quotes Quiz

Click here to take the quiz!

General Stats

  • This quiz has been taken 6,284 times
    (6,279 since last reset)
  • The average score is 8 of 10

Answer Stats

CharacterQuoteAnswer% Correct
ChrisThere's an evil ______ in my closet!monkey
98%
QuagmireBaby, if I could rearrange the alphabet, I'd put _ and I together.U
94%
StewieThere's always been a lot of tension between Lois and me, and it’s not so much that I want to ____ her, it’s just, I want her not to be alive anymore.kill
91%
Kool-Aid ManOh ____!yeah
91%
QuagmireGiggity giggity ___!Goo
90%
ClevelandOh Quagmire, you are what the _______ call, "El Terrible".Spanish
81%
StewieOh, forgive me for not being one of those anorexic babies from the diaper ___________.commercials
66%
StewieWhat the _____ are you looking at?deuce
59%
PeterI had such a crush on her. Until I met you, Lois. You're my silver _____.medal
50%
PeterYou know what I haven't had in a while? Big ______ Chew.League
49%

Score Distribution

Percentile by Number Answered

Percent of People with Each Score

Your Score History

You have not taken this quiz since the last reset